00473nam a2200121Ia 4500008004100000020001500041100002800056245005700084260003900141300001900180999001900199952013300218180205s9999 xx 000 0 und d a971892843x aBauzon, Ma. Josefina V. cEvangelista, Teresita T.aIndividual & dual sports / aDagupan CitybSLA publishingc2001 aiii, 149 pages c354872d354872 001040aCLbCLcFILd2018-02-05eLibrary Fundl3m14oGV 704 .B352 2001pC0652r2021-11-18 00:00:00s2021-09-27w2018-02-05yBK